Naval architecture for marine engineers / (Record no. 27260)

000 -LEADER
fixed length control field 01455cam a2200349 i 4500
006 - FIXED-LENGTH DATA ELEMENTS--ADDITIONAL MATERIAL CHARACTERISTICS--GENERAL INFORMATION
fixed length control field m o d
007 - PHYSICAL DESCRIPTION FIXED FIELD--GENERAL INFORMATION
fixed length control field cr bn||||||abp
fixed length control field cr bn||||||ada
008 - FIXED-LENGTH DATA ELEMENTS--GENERAL INFORMATION
fixed length control field 101115s1975 enka ob 001 0 eng d
020 ## - INTERNATIONAL STANDARD BOOK NUMBER
International Standard Book Number 9781483102535
Qualifying information (R) (electronic bk.)
International Standard Book Number 148310253X
Qualifying information (R) (electronic bk.)
040 ## - CATALOGING SOURCE
Original cataloging agency OCLCE
Language of cataloging eng
Description conventions pn
042 ## - AUTHENTICATION CODE
Authentication code dlr
072 #7 - SUBJECT CATEGORY CODE
Subject category code TEC
Subject category code subdivision 025000
Source bisacsh
082 04 - DEWEY DECIMAL CLASSIFICATION NUMBER
Classification number 623.8/1
Edition number 18
100 1# - MAIN ENTRY--PERSONAL NAME
Personal name Muckle, W.
Fuller form of name (William)
245 10 - TITLE STATEMENT
Title Naval architecture for marine engineers /
260 ## - PUBLICATION, DISTRIBUTION, ETC. (IMPRINT)
Place of publication, distribution, etc London :
Name of publisher, distributor, etc Newnes-Butterworths,
Date of publication, distribution, etc 1975.
300 ## - PHYSICAL DESCRIPTION
Extent 1 online resource (407 pages) :
Other physical details illustrations
504 ## - BIBLIOGRAPHY, ETC. NOTE
Bibliography, etc Includes bibliographical references and index.
506 ## - RESTRICTIONS ON ACCESS NOTE
Materials specified Use copy
Standardized terminology for access restriction Restrictions unspecified
Source of term star
Institution to which field applies MiAaHDL
533 ## - REPRODUCTION NOTE
Type of reproduction Electronic reproduction.
Place of reproduction [Place of publication not identified] :
Agency responsible for reproduction HathiTrust Digital Library,
Date of reproduction 2010.
583 1# - ACTION NOTE
Action digitized
Time/date of action 2010
Jurisdiction HathiTrust Digital Library
Status committed to preserve
Source of term pda
Institution to which field applies MiAaHDL
650 #0 - SUBJECT ADDED ENTRY--TOPICAL TERM
Topical term or geographic name as entry element Naval architecture.
Topical term or geographic name as entry element Architecture navale.
Topical term or geographic name as entry element naval architecture.
Source of heading or term aat
Topical term or geographic name as entry element TECHNOLOGY & ENGINEERING
General subdivision Military Science.
Source of heading or term bisacsh
Topical term or geographic name as entry element Naval architecture.
Source of heading or term fast
776 08 - ADDITIONAL PHYSICAL FORM ENTRY
Display text Print version:
Main entry heading Muckle, W. (William).
Title Naval architecture for marine engineers.
Place, publisher, and date of publication London : Newnes-Butterworths, 1975
Record control number (DLC) 75330298
-- (OCoLC)1975411
856 40 - ELECTRONIC LOCATION AND ACCESS
Uniform Resource Identifier <a href="https://www.sciencedirect.com/science/book/9780408001694">https://www.sciencedirect.com/science/book/9780408001694</a>
942 ## - ADDED ENTRY ELEMENTS (KOHA)
Item type E-Book

No items available.

Designed and Maintained by IMU-KC Library, Kolkata Campus © Copyright All Rights Reserved

webs counters

Powered by Koha